000 00468nam a22001697a 4500
005 20200511112622.0
008 200511b xxu||||| |||| 00| 0 eng d
020 _a9789388178952
041 _aeng
082 _a615.19
_bSUL
100 _aSULTANA YASMIN
_95345
245 _aUnit Operations in Pharmaceutical Engineering
_cYasmin Sultana
260 _aNew DElhi
_bCBS Publication and Distributors
_c2019
300 _a325,vii
650 _aPHARMACY
_95346
942 _cBK
999 _c6185
_d6183